000 00331nam a2200121Ia 4500
008 190216s9999||||xx |||||||||||||| ||und||
100 _aTheraja B L
 Theraja A K
245 2 _aA Text Book Of Electrical Technology Volume I (basic Electrical Engg.)
260 _bNull
_c1999
300 _a735
650 _aPhysics
942 _cBK
999 _c33391
_d33391